000
00264nam a22001217a 4500
008
170505b xxu||||| |||| 00| 0 eng d
041
_a
eng
080
_2
9 ED
_a
343.9
100
_a
14
101
_a
SHJ
245
_a
CRIMNALISTICS
_c
SAFERSTEIN.R
942
_2
udc
_c
BK
999
_c
12731
_d
12731